| 000 | 00823cam a2200265 a 4500 | ||
|---|---|---|---|
| 001 | 000004093 | ||
| 005 | 20200929150712.0 | ||
| 008 | 800515s1980 mx 000 1 spa | ||
| 020 | _a9700509028 | ||
| 041 | 1 | 7 |
_aspa _heng _2Código de idioma MARC |
| 082 |
_a813.54 _bW187s |
||
| 100 | 1 |
_aWallace, Irving, _d1916-1990. _911972 |
|
| 240 | 1 | 4 |
_aThe Second Lady. _lEspañol |
| 245 | 1 | 4 |
_aLa segunda dama / _cIrving Wallace. |
| 260 |
_aMéxico : _bGrijaldo, _c1980. |
||
| 300 |
_a415 p. ; _c17 cm. |
||
| 534 |
_pTítulo original: _tThe Second Lady |
||
| 650 | 4 |
_aLiteratura estadounidense _ySIGLO XX _vNOVELA _910902 |
|
| 650 | 4 |
_aNovela estadounidense _9262 |
|
| 700 | 1 |
_aMenini, María Antonia, _etr. _911885 |
|
| 910 | _aCatalogación derivada | ||
| 910 | _aJornada de catalogación | ||
| 910 | _aWM | ||
| 999 |
_c3911 _d3911 |
||
| 040 | _aDO-SdBNP | ||